000 00357nam a2200133 i 4500
001 bg
100 1 _aPAWŁOWICZ, Ireneusz
245 0 _aOptymalizacja linii przejściowych w zastosowaniach geodezyjnych /
_cIreneusz Pawłowicz.
260 _aWarszawa,
_c1974.
040 _cBPK
041 _apol
942 _cKS
008 s pl f |000 0 pol
999 _c15876
_d15876
856 _uhttp://koha.tu.koszalin.pl/cgi-bin/koha/opac-detail.pl?biblionumber=15876
_yKatalog online BPK